Valuation of Volunteer Work in Satellite Account of Non-Profit Institutions

V jadre systému národných účtov dobrovoľnícka práca stojí mimo hraníc produkcie, aj keď vedie k vytvoreniu služieb. Národné účty tak neodvratne podceňujú príspevok neziskových organizácií k prosperite spoločnosti. Tento nedostatok prekonávajú satelitné účty neziskových organizácií, ktoré implementuj...

Ausführliche Beschreibung

Gespeichert in:
Bibliographische Detailangaben
1. Verfasser: Rybáček, Václav
Weitere Verfasser: Fořtová, Jitka, Skaláková, Šárka
Format: Buchkapitel
Sprache:Englisch
Schlagworte:
Tags: Tag hinzufügen
Keine Tags, Fügen Sie das erste Tag hinzu!

MARC

LEADER 00000nla a2200000 4500
001 0242187
005 20240417075136.1
041 0 |a eng 
044 |a CZ 
245 1 0 |a Valuation of Volunteer Work in Satellite Account of Non-Profit Institutions  |c Václav Rybáček, Jitka Fořtová, Šárka Skaláková 
520 |a V jadre systému národných účtov dobrovoľnícka práca stojí mimo hraníc produkcie, aj keď vedie k vytvoreniu služieb. Národné účty tak neodvratne podceňujú príspevok neziskových organizácií k prosperite spoločnosti. Tento nedostatok prekonávajú satelitné účty neziskových organizácií, ktoré implementujú a rozširujú koncept národných účtov zapracovaním hodnoty dobrovoľníctva. 
610 2 0 |a organizácie neziskové 
610 2 0 |a dobrovoľníctvo 
610 2 0 |a hodnota 
610 2 0 |a spoločnosť 
610 2 0 |a sektor terciárny 
610 2 0 |a účty 
610 2 0 |a účty bankové 
610 2 0 |a účty národné 
100 1 |a Rybáček, Václav 
700 1 |a Fořtová, Jitka 
700 1 |a Skaláková, Šárka